| 000 | 00826cam a2200289 a 4500 | ||
|---|---|---|---|
| 001 | 000009608 | ||
| 005 | 20200929161636.0 | ||
| 008 | 980713s1993 sp 000 f spa d | ||
| 020 | _a8432069175 | ||
| 035 | _a(DLC) 98169768 | ||
| 035 | _a(OCoLC)36982399 | ||
| 040 |
_aDO-SdBNP _bspa _cLC _dBNPHU |
||
| 082 |
_a863.64 _bV393m, 1993 |
||
| 100 | 1 |
_aVázquez Montalbán, Manuel, _d1939-2003 _920828 |
|
| 245 | 1 | 4 |
_aLos mares del sur / _cManuel Vázquez Montalbán. |
| 250 | _a12a ed. | ||
| 260 |
_aBarcelona : _bPlaneta, _c1993. |
||
| 300 |
_a239 p. ; _c21 cm. |
||
| 490 | 1 |
_aCarvalho _v4 |
|
| 586 | _aPremio Editorial Planeta, 1979. | ||
| 650 | 4 |
_aNovela española _91123 |
|
| 650 | 4 |
_aLiteratura española _9632 |
|
| 830 | 0 |
_aCarvalho; _v4 _924460 |
|
| 910 | _aCatalogación derivada | ||
| 910 | _aWM | ||
| 049 | _aBNGR | ||
| 999 |
_c9368 _d9368 |
||